Na čo pamätať pri prenájme obchodných priestorov

Tri hlavné položky na ktoré pamätať pri koncipovaní nájomných zmlúv.

Enregistré dans:
Détails bibliographiques
Format: Chapitre de livre
Langue:slovaque
Sujets:
Tags: Ajouter un tag
Pas de tags, Soyez le premier à ajouter un tag!

MARC

LEADER 00000naa a2200000 4500
001 0305373
005 20241129102339.8
041 0 |a slo 
044 |a SK 
245 1 0 |a Na čo pamätať pri prenájme obchodných priestorov 
520 |a Tri hlavné položky na ktoré pamätať pri koncipovaní nájomných zmlúv. 
610 2 0 |a prenájom 
610 2 0 |a priestory nebytové 
610 2 0 |a obchod 
610 2 0 |a zmluvy 
610 2 0 |a náklady prevádzkové